000 00838nam a22002537a 4500
001 00203
003 DO-SdBNP
005 20180313133842.0
007 00203
008 160415b mx 1997||||| |||| 00| 0 spa d
020 _a9701809777
040 _aBPMSU
_bspa
_cBPMSU
092 _axxxxxxxx
_bxxxxxxxx
245 3 _aLa palabra :
_betapa inicial de educación básica /
_cdirección editorial Alberto Rivera Sánchez
260 _aMéxico :
_bINEA,
_c1997.
300 _a211 p. :
_bil.,
_c27 cm.
500 _aCuaderno de ejercicios
500 _aEn la cubierta. Educacion para la vida y el trabajo--Lengua y comunicación
700 1 _aRivera Sánchez, Alberto,
_edir. ed.
710 _aInstituto Nacional para la Educación de los Adultos
942 _2ddc
_cBK
945 _aRemanejado para la BNPHU / 2018 VM
956 _aBRENDA TAVÁREZ
999 _c9807
_d9807